Revista electrónica de biomedicina : Electronic journal of biomedicine.
| Format: | Journal |
|---|---|
| Language: | Spanish English Portuguese |
| Language Notes: | In English, Portuguese, and Spanish. |
| Published: |
[Burgos, España] :
Asociación Red Uninet,
[2003]-
|
| Subjects: | |
| Online Availability: |
|
MARC
| Tag | First Indicator | Second Indicator | Subfields |
|---|---|---|---|
| LEADER | 00000cas a22000004a 4500 | ||
| 001 | in00002088913 | ||
| 005 | 20151102171848.0 | ||
| 006 | m d | ||
| 007 | cr cn--------- | ||
| 008 | 050216c20039999sp tr pss 0 0spa | ||
| 010 | |a 2005243372 | ||
| 016 | 7 | |a 101241536 |2 DNLM | |
| 022 | |a 1697-090X | ||
| 029 | 0 | |a NLM |b 101241536 | |
| 029 | 1 | |a OCLCS |b 126135 | |
| 035 | |a (OCoLC)ocm58840729 | ||
| 040 | |a NLM |c NLM |d CUS |d TXA |d UtOrBLW | ||
| 041 | 0 | |a eng |a por |a spa | |
| 042 | |a lcd | ||
| 049 | |a TXAM | ||
| 060 | 1 | 0 | |a W1 |
| 090 | |a R5 |b .R41 Electronic | ||
| 245 | 0 | 0 | |a Revista electrónica de biomedicina : |b Electronic journal of biomedicine. |
| 246 | 3 | 1 | |a Electronic journal of biomedicine |
| 264 | 1 | |a [Burgos, España] : |b Asociación Red Uninet, |c [2003]- | |
| 310 | |a Three no. a year | ||
| 336 | |a text |b txt |2 rdacontent | ||
| 337 | |a computer |b c |2 rdamedia | ||
| 338 | |a online resource |b cr |2 rdacarrier | ||
| 362 | 0 | |a 1:1 (enero-abril 2003)- | |
| 500 | |a Title from PDF caption (publisher's Web site, viewed Mar. 22, 2005). | ||
| 500 | |a Latest issue consulted: 2005:1 (enero-abr. 2005) (viewed Mar. 22, 2005). | ||
| 515 | |a Numbering resumes each year, 2004- | ||
| 538 | |a Mode of access: World Wide Web. | ||
| 546 | |a In English, Portuguese, and Spanish. | ||
| 500 | |a Electronic resource. | ||
| 650 | 0 | |a Medicine |v Periodicals. | |
| 650 | 1 | 2 | |a Medicine |v Periodicals. |
| 850 | |a DNLM | ||
| 948 | |a cataloged |b h |c 2006/1/2 |d c |e pbump | ||
| 994 | |a C0 |b TXA | ||
| 999 | |a MARS | ||
| 999 | f | f | |s bfe74571-3e6b-3048-858d-94cf319d4b57 |i 7c4e8f3f-f0cd-3dd7-be2e-1bbe758a1523 |t 0 |
| 952 | f | f | |a Texas A&M University |b College Station |c Electronic Resources |d Available Online |t 0 |e R5 .R41 |g Electronic |h Library of Congress classification |
| 998 | f | f | |a R5 .R41 |t 0 |l Available Online |